Escrivint ràpid de l'1 al 100 - Statistics

General Stats
  • This quiz has been taken 24 times
  • The average score is 77 of 100
Answer Stats
Núm. % Correct
1
100%
10
100%
12
100%
13
100%
2
100%
3
100%
4
100%
5
100%
6
100%
7
100%
8
100%
9
100%
11
93%
14
93%
15
93%
16
93%
17
93%
18
93%
19
93%
20
93%
21
93%
22
93%
23
93%
24
93%
25
93%
26
93%
27
93%
28
93%
29
93%
30
93%
31
93%
32
93%
33
93%
34
93%
35
93%
41
93%
51
93%
37
86%
38
86%
39
86%
40
86%
42
86%
43
86%
44
86%
45
86%
46
86%
47
86%
48
86%
49
86%
50
86%
52
86%
53
86%
54
86%
55
86%
56
86%
57
86%
58
86%
36
79%
59
79%
60
79%
61
79%
63
79%
66
79%
62
71%
64
71%
65
71%
67
71%
68
71%
69
71%
71
71%
73
71%
77
71%
88
71%
70
64%
72
64%
74
64%
75
64%
76
64%
78
64%
80
64%
81
57%
82
57%
79
50%
83
50%
84
50%
85
50%
86
50%
87
50%
89
50%
90
50%
91
50%
92
43%
99
43%
94
36%
95
36%
93
29%
100
21%
96
21%
98
21%
97
14%
No matching quizzes found
Score Distribution
Percent of People with Each Score
Percentile by Number Answered
Your Score History
You have not taken this quiz